| LEADER |
00829nam0a2200193 450 |
| 001 |
16834835 |
| 010 |
|
|
|a 978-2-8180-5138-2
|b br
|d 22
|
| 100 |
|
|
|a 20200910d2020 u u0frey01 ba
|
| 101 |
0 |
|
|a fre
|
| 102 |
|
|
|a FR
|
| 200 |
0 |
|
|a Yoga
|f Emmanuel Carrère
|
| 207 |
|
1 |
|a
|
| 210 |
|
|
|a Paris
|b 26 rue Jacob.
|c POL
|d 2020
|
| 215 |
|
|
|a 1 vol.(380 p.)
|d 21 cm
|
| 330 |
|
|
|a La quatrième de couverture indique : 'C¹est l¹histoire d¹un livre sur le yoga et la dépression. La méditation et le terrorisme. L¹aspiration à l¹unité et le trouble bipolaire. Des choses qui n¹ont pas l¹air d¹aller ensemble, et pourtant : elles vont ensemble.'
|
| 700 |
|
0 |
|a Carrère
|b Emmanuel
|f 1957-....
|4 70
|
| 900 |
|
|
|a Roman
|
| 901 |
|
|
|a Accessible au prêt
|
| 995 |
|
|
|a Bibliothèque
|c Bibliothèque
|f 024020820
|h 024020820
|k R CAR
|o p
|q a
|r az
|e Bibliothèque
|